Welcome to the official Sarawak Skills Library system. If you are a new user, please contact our librarian to register.

An Introduction To The Malaysian Legal System (Record no. 18274)

MARC details
000 -LEADER
fixed length control field 00479nam a2200157Ia 4500
008 - FIXED-LENGTH DATA ELEMENTS--GENERAL INFORMATION
fixed length control field 241206s9999||||xx |||||||||||||| ||und||
020 ## - INTERNATIONAL STANDARD BOOK NUMBER
International Standard Book Number 9676559407
Terms of availability 24.9
040 ## - CATALOGING SOURCE
Language of cataloging eng
Transcribing agency SSK Library
Description conventions rda
082 ## - DEWEY DECIMAL CLASSIFICATION NUMBER
Classification number 340.509595/WAN
003 - CONTROL NUMBER IDENTIFIER
control field OSt
005 - DATE AND TIME OF LATEST TRANSACTION
control field 20241206223327.0
100 ## - MAIN ENTRY--PERSONAL NAME
Personal name Wan Arfah Hamzah & Ramy Bulan -
245 #3 - TITLE STATEMENT
Title An Introduction To The Malaysian Legal System
260 ## - PUBLICATION, DISTRIBUTION, ETC.
Name of publisher, distributor, etc. Penerbitan Fajar Bakti Sdn. Bhd.
Date of publication, distribution, etc. ©2003
942 ## - ADDED ENTRY ELEMENTS (KOHA)
Source of classification or shelving scheme
Koha item type Book
Suppress in OPAC
Holdings
Withdrawn status Lost status Damaged status Not for loan Home library Current library Date acquired Cost, normal purchase price Total checkouts Full call number Barcode Date last seen Copy number Price effective from Koha item type
        Sarawak Skills Kuching Library Sarawak Skills Kuching Library 12/06/2024 24.90   340.509595/WAN 10073607 12/06/2024 2 12/06/2024 Book